[Event "GER-chT Betriebe 17th"]
[Site "Berlin"]
[Date "2017.11.03"]
[Round "3.3"]
[White "Norris, Ray"]
[Black "Bischoff, Ulrich"]
[Result "1/2-1/2"]
[WhiteElo "1651"]
[BlackElo "2072"]
[PlyCount "47"]
[EventDate "2017.11.02"]
[EventType "team-swiss"]
[EventRounds "7"]
[EventCountry "GER"]
[SourceTitle "EXT 2020"]
[Source "ChessBase"]
[SourceDate "2019.10.17"]
[SourceVersion "1"]
[SourceVersionDate "2019.10.17"]
[SourceQuality "1"]
[WhiteTeam "Berlin Telestern"]
[BlackTeam "Stuttgart Sparkassen-Vers"]
[WhiteTeamCountry "GER"]
[BlackTeamCountry "GER"]

1. b3 e5 2. Bb2 Nc6 3. e3 Nf6 4. Bb5 d6 5. Ne2 a6 6. Bxc6+ bxc6 7. f3 Be7 8. 0-0 0-0 9. c4 Re8 10. d4 exd4 11. Nxd4 Bd7 12. Nc3 Bf8 13. e4 g6 14. Qc2 Bg7 15. Rad1 h5 16. Bc1 Nh7 17. Bb2 Qe7 18. Kh1 Nf6 19. Rfe1 Kh7 20. Qf2 Kg8 21. h3 Nh7 22. f4 Nf8 23. Nf3 Rad8 24. Na4 1/2-1/2

[Event "Miedzyzdroje OB Seniors 24th"]
[Site "Miedzyzdroje"]
[Date "2016.06.24"]
[Round "8"]
[White "Norris, Ray"]
[Black "Hoppensack, Manfred"]
[Result "0-1"]
[WhiteElo "1692"]
[BlackElo "1945"]
[PlyCount "94"]
[EventDate "2016.06.17"]
[EventType "swiss"]
[EventRounds "9"]
[EventCountry "POL"]
[SourceTitle "EXT 2019"]
[Source "ChessBase"]
[SourceDate "2018.10.10"]
[SourceVersion "1"]
[SourceVersionDate "2018.10.10"]
[SourceQuality "1"]

1. Nf3 Nc6 2. g3 e5 3. d3 d5 4. Bg2 Nf6 5. 0-0 Be7 6. b3 0-0 7. Nbd2 Be6 8. Ng5 Bf5 9. f3 Bc5+ 10. Kh1 Bd4 11. Rb1 Be3 12. Nh3 Qd7 13. Nf2 Rfd8 14. a3 Nd4 15. c4 c6 16. Rb2 b5 17. Nb1 Bxc1 18. Qxc1 bxc4 19. dxc4 dxc4 20. bxc4 Rab8 21. Rxb8 Rxb8 22. Nc3 Qb7 23. e4 Be6 24. Ncd1 Qa6 25. Ne3 Rb3 26. Rd1 Qxa3 27. Qxa3 Rxa3 28. f4 Rxe3 29. fxe5 Ne8 30. Nd3 Bg4 31. Rd2 Nb3 32. Rb2 Rxd3 33. Bf1 Rd1 34. Rxb3 Rxf1+ 35. Kg2 Ra1 36. h3 Be6 37. Rc3 Ra4 38. c5 Nc7 39. Rd3 Kf8 40. Kf3 a5 41. g4 Rb4 42. Rd6 Nb5 43. Kf4 a4 44. Rxc6 a3 45. Ra6 a2 46. c6 Rb1 47. c7 a1Q 0-1

[Event "GER-chT Betriebe"]
[Site "Berlin"]
[Date "2006.10.08"]
[Round "7.2"]
[White "Norris, Ray"]
[Black "Maifeld, Uwe"]
[Result "0-1"]
[WhiteElo "1560"]
[BlackElo "1603"]
[PlyCount "32"]
[EventDate "2006.10.05"]
[EventType "team-tourn"]
[EventRounds "7"]
[EventCountry "GER"]
[SourceTitle "EXT 2020"]
[Source "ChessBase"]
[SourceDate "2019.10.17"]
[SourceVersion "1"]
[SourceVersionDate "2019.10.17"]
[SourceQuality "1"]
[WhiteTeam "Deutsche Telekom Berlin"]
[BlackTeam "Hamburg Baubehoerde III"]
[WhiteTeamCountry "GER"]
[BlackTeamCountry "GER"]

1. e4 e5 2. f4 exf4 3. Nf3 Be7 4. Bc4 Bh4+ 5. Kf1 Nc6 6. d4 d6 7. Bxf4 Bd7 8. c3 Qe7 9. Nbd2 g5 10. Nxh4 gxf4 11. Qh5 0-0-0 12. Qxf7 Qxh4 13. Qd5 Nf6 14. Qb5 Ng4 15. g3 fxg3 16. Ke2 Nxd4+ 0-1